| 000 | 00578nam a22001937a 4500 | ||
|---|---|---|---|
| 005 | 20251108172730.0 | ||
| 008 | 250721s2003 xx 000 0 ara d | ||
| 082 | 1 | 4 | _a413.125/إسم |
| 100 | 1 |
_aإسماعيل، أحمد _eمؤلف |
|
| 245 | 1 | 0 | _aأسماء البنين والبنات ومعانيها / |
| 264 | 1 |
_aعمان : _bمؤلف، _c2003. |
|
| 300 | _a87ص. | ||
| 650 | 1 | 7 | _aاللغة العربية |
| 650 | 1 | 7 | _aأسماء الأشخاص |
| 650 | 1 | 7 | _aالأسماء العربية |
| 650 | 1 | 7 | _aعلم المعاجم |
| 942 |
_2ddc _cBK |
||
| 999 |
_c87123 _d87123 |
||